000 01503cam a22003015a 4500
001 STB033713
005 20140926090735.0
008 110711s2012 ohu 000 0 eng
010 _a2011934123
020 _a9780495668084
040 _aDLC
_cDLC
_dDLC
042 _apcc
050 _aTA 345
_b.C366 2013
100 1 _aChapman, Stephen J.
245 1 0 _aMATLAB programming with applications for engineers /
_cStephen J. Chapman.
250 _a1st ed.
260 _aMason, OH :
_bCengage Learning,
_cc2013.
263 _a1201.
300 _axx, 569 pages :
_billustrations ;
_c24 cm.
500 _aIncludes index.
505 _aCh. 1: Introduction To MATLAB -- Ch. 2: MATLAB Basics -- Ch. 3: Two-Dimensional Plots -- Ch. 4: Branching Statements and Program Design -- Ch. 5: Loops And Vectorization -- Ch. 6: Basic User-Defined Functions -- Ch. 7: Advanced Features of User-Defined Functions -- Ch. 8: Complex Numbers and 3D Plots -- Ch. 9: Cell Arrays, Structures, and Importing Data -- Ch. 10: Handle Graphics and Animation -- Ch. 11: More MATLAB Applications.
650 _aNumerical analysis
_xData processing.
650 _aMATLAB.
856 4 2 _3Contributor biographical information
_uhttp://www.loc.gov/catdir/enhancements/fy1303/2011934123-b.html
856 4 2 _3Publisher description
_uhttp://www.loc.gov/catdir/enhancements/fy1303/2011934123-d.html
856 4 1 _3Table of contents only
_uhttp://www.loc.gov/catdir/enhancements/fy1303/2011934123-t.html
942 _2lcc
_cBK
_kFOR
999 _c275891
_d275891